000
00206 a2200097 4500
001
56812
100
_a
245
_a
Physics, 5th Ed vol.1
260
_a
NY
_b
John Willg & Sons
_c
2005
090
_c
34896
_d
34896
942
_a
NUST-CAE
_c
_c
27664
999
_c
291885
_d
291885